000 00354nam a2200145 4500
999 _c508113
_d508113
008 190312b ||||| |||| 00| 0 eng d
100 _aSingh, Mahesh Kumar
_93192
245 _aParyaavaran aur vikas
260 _c2018
300 _ap.255-263.
650 _aDevelopment
_93193
773 _aLok Prashasan
906 _aEnvironment
942 _2ddc
_cAR